[Event "Hannover-chB"]
[Site "Lehrte"]
[Date "2015.10.30"]
[Round "4"]
[White "Engelking, Michael"]
[Black "Muth, Michael"]
[Result "1/2-1/2"]
[WhiteElo "1796"]
[BlackElo "1832"]
[PlyCount "23"]
[EventDate "2015.10.29"]
[EventType "swiss"]
[EventRounds "7"]
[EventCountry "GER"]
[SourceTitle "EXT 2021"]
[Source "ChessBase"]
[SourceDate "2020.10.23"]
[SourceVersion "1"]
[SourceVersionDate "2020.10.23"]
[SourceQuality "1"]

1. d4 Nf6 2. Nf3 e6 3. Bf4 d5 4. e3 Bd6 5. Bg3 Ne4 6. Bd3 Nxg3 7. hxg3 h6 8. Nbd2 Nd7 9. e4 dxe4 10. Nxe4 Nf6 11. c3 Bd7 12. Ne5 1/2-1/2

[Event "Hannover-chC"]
[Site "Lehrte"]
[Date "2010.10.09"]
[Round "1"]
[White "Kiesel, Harald"]
[Black "Muth, Michael"]
[Result "1-0"]
[WhiteElo "2047"]
[BlackElo "1841"]
[PlyCount "89"]
[EventDate "2010.10.09"]
[EventType "swiss"]
[EventRounds "7"]
[EventCountry "GER"]
[SourceTitle "EXT 2021"]
[Source "ChessBase"]
[SourceDate "2020.10.23"]
[SourceVersion "1"]
[SourceVersionDate "2020.10.23"]
[SourceQuality "1"]

1. d4 Nf6 2. c4 g6 3. Nc3 d5 4. cxd5 Nxd5 5. e4 Nxc3 6. bxc3 Bg7 7. Bc4 c5 8. Ne2 0-0 9. Be3 cxd4 10. cxd4 Nc6 11. 0-0 Bg4 12. f3 Na5 13. Bxf7+ Rxf7 14. fxg4 Rxf1+ 15. Kxf1 Nc4 16. Qb3 Rc8 17. Rd1 Qd7 18. Bf2 Kh8 19. h3 Nd6 20. Ng3 Nb5 21. e5 Rc3 22. Qf7 Rc8 23. Qb3 Rc3 24. e6 Qc6 25. Qb4 Qc4+ 26. Qxc4 Rxc4 27. d5 Be5 28. Ne2 a6 29. Bh4 Bd6 30. Bg3 Kg7 31. g5 Bxg3 32. Nxg3 Nd6 33. Ke2 Ra4 34. Rd2 Ra3 35. Nf1 Rc3 36. h4 Kf8 37. Ne3 Ke8 38. Rc2 Rxc2+ 39. Nxc2 Nf5 40. g4 Nd6 41. Kd3 Kd8 42. Nd4 Kc7 43. Nf3 b6 44. Kd4 b5 45. h5 1-0